01305nam a22001817a 450000500170000000800410001702000180005804000070007604100120008308200200009510000210011524500280013626000260016430000240019036500530021452008270026765000290109420260129113009.0230525b ||||| |||| 00| 0 eng d a9781529427479 cAL aEnglish 223a813.6bSMIG aJennifer E Smith aGeography of You and Me aLondonbQuercusc2022 a337pbPBc19.7x13cm a1170b₹480.00c₹d₹599.00e20%f17-05-2023 a‘Jennifer E. Smith always manages to make you fall in love’ 5* reader review Owen lives in the basement. Lucy lives on the 24th floor. But when the power goes out in the midst of a New York heatwave, they find themselves together for the first time: stuck in a lift between the 10th and 11th floors. As they await help, they start talking… The brief time they spend together leaves a mark. And as their lives take them to Edinburgh and San Francisco, to Prague and to Portland they can’t shake the memory of the time they shared. Postcards cross the globe when they themselves can’t, as Owen and Lucy experience the joy – and pain – of first love. And as they make their separate journeys in search of home, they discover that sometimes it is a person rather than a place that anchors you most in the world.  aAmerican English Fiction